000 00629nam a22001937a 4500
003 OSt
005 20251125105327.0
008 251125b |||||||| |||| 00| 0 eng d
020 _a971-08-5371-6
040 _aDWC-Main lib.
_cOC
082 _aFil. 398.2 Aq657 1992
100 _aAquino, Gaudencio V.
245 _aPhilippine myths and legends :
_bvalues-oriented/
_cGaudencio V. Aquino
260 _aMandaluyong City :
_bNational Book Store,
_cc1992.
300 _a255 p. ;
_c23 cm.
650 _a1. Legends - Folklore - Philippines.
650 _a2. Legends - Mythology - Philippines.
942 _2ddc
_cBK - FIL
_hFil.
_n0
999 _c6215
_d6215